000 00493nam a22001697a 4500
003 BD-ChCU
005 20251208093558.0
008 251208b bg ||||| |||| 00| 0 ben d
040 _cBD-ChCU
082 _a330.156 STM
100 _aStein , Jerome L.
_917633
245 _aMonetarist , keynesian and new classical economics./
_cL. Jerome , Stein.
260 _aOxford :
_bBasil Blackwell ,
_cC 1984
300 _ax , 228p
650 0 _aEconomics , Theory of .
_917636
942 _2ddc
_cBK
_n0
999 _c110202
_d110202